LEADER 07094nam 22008535 450 001 996466278703316 005 20200703102419.0 010 $a3-642-10265-4 024 7 $a10.1007/978-3-642-10265-3 035 $a(CKB)1000000000804457 035 $a(SSID)ssj0000355630 035 $a(PQKBManifestationID)11249955 035 $a(PQKBTitleCode)TC0000355630 035 $a(PQKBWorkID)10321226 035 $a(PQKB)10771896 035 $a(DE-He213)978-3-642-10265-3 035 $a(MiAaPQ)EBC3064778 035 $a(PPN)139962638 035 $a(EXLCZ)991000000000804457 100 $a20100301d2009 u| 0 101 0 $aeng 135 $aurnn|008mamaa 181 $ctxt 182 $cc 183 $acr 200 10$aSoftware Technologies for Embedded and Ubiquitous Systems$b[electronic resource] $e7th IFIP WG 10.2 International Workshop, SEUS 2009 Newport Beach, CA, USA, November 16-18, 2009 Proceedings /$fedited by Sunggu Lee, Priya Narasimhan 205 $a1st ed. 2009. 210 1$aBerlin, Heidelberg :$cSpringer Berlin Heidelberg :$cImprint: Springer,$d2009. 215 $a1 online resource (XI, 378 p.) 225 1 $aInformation Systems and Applications, incl. Internet/Web, and HCI ;$v5860 300 $aBibliographic Level Mode of Issuance: Monograph 311 $a3-642-10264-6 320 $aIncludes bibliographical references and index. 327 $aDesign and Implementation of an Operational Flight Program for an Unmanned Helicopter FCC Based on the TMO Scheme -- Energy-Efficient Process Allocation Algorithms in Peer-to-Peer Systems -- Power Modeling of Solid State Disk for Dynamic Power Management Policy Design in Embedded Systems -- Optimizing Mobile Application Performance with Model?Driven Engineering -- A Single-Path Chip-Multiprocessor System -- Towards Trustworthy Self-optimization for Distributed Systems -- An Experimental Framework for the Analysis and Validation of Software Clocks -- Towards a Statistical Model of a Microprocessor?s Throughput by Analyzing Pipeline Stalls -- Joining a Distributed Shared Memory Computation in a Dynamic Distributed System -- BSART (Broadcasting with Selected Acknowledgements and Repeat Transmissions) for Reliable and Low-Cost Broadcasting in the Mobile Ad-Hoc Network -- DPDP: An Algorithm for Reliable and Smaller Congestion in the Mobile Ad-Hoc Network -- Development of Field Monitoring Server System and Its Application in Agriculture -- On-Line Model Checking as Operating System Service -- Designing Highly Available Repositories for Heterogeneous Sensor Data in Open Home Automation Systems -- Fine-Grained Tailoring of Component Behaviour for Embedded Systems -- MapReduce System over Heterogeneous Mobile Devices -- Towards Time-Predictable Data Caches for Chip-Multiprocessors -- From Intrusion Detection to Intrusion Detection and Diagnosis: An Ontology-Based Approach -- Model-Based Testing of GUI-Driven Applications -- Parallelizing Software-Implemented Error Detection -- Model-Based Analysis of Contract-Based Real-Time Scheduling -- Exploring the Design Space for Network Protocol Stacks on Special-Purpose Embedded Systems -- HiperSense: An Integrated System for Dense Wireless Sensing and Massively Scalable Data Visualization -- Applying Architectural Hybridization in Networked Embedded Systems -- Concurrency and Communication: Lessons from the SHIM Project -- Location-Aware Web Service by Utilizing Web Contents Including Location Information -- The GENESYS Architecture: A Conceptual Model for Component-Based Distributed Real-Time Systems -- Approximate Worst-Case Execution Time Analysis for Early Stage Embedded Systems Development -- Using Context Awareness to Improve Quality of Information Retrieval in Pervasive Computing -- An Algorithm to Ensure Spatial Consistency in Collaborative Photo Collections -- Real-Sense Media Representation Technology Using Multiple Devices Synchronization -- Overview of Multicore Requirements towards Real-Time Communication -- Lifting the Level of Abstraction Dealt with in Programming of Networked Embedded Computing Systems. 330 $aThis book constitutes the refereed proceedings of the 7th IFIP WG 10.2 International Workshop on Software Technologies for Future Embedded and Ubiquitous Systems, SEUS 2009, held in Newport Beach, CA, USA, in November 2009. The 20 revised full papers presented together with three invited talks were carefully reviewed and selected from numerous submissions for inclusion in the book. The papers address all current issues in embedded and distributed computing, ubiquitous systems, sensor networks, and middleware with a special respect of dependability, real-time, human-computer interaction, autonomy, resource constraints, etc. 410 0$aInformation Systems and Applications, incl. Internet/Web, and HCI ;$v5860 606 $aComputer communication systems 606 $aArtificial intelligence 606 $aInformation storage and retrieval 606 $aSpecial purpose computers 606 $aApplication software 606 $aUser interfaces (Computer systems) 606 $aComputer Communication Networks$3https://scigraph.springernature.com/ontologies/product-market-codes/I13022 606 $aArtificial Intelligence$3https://scigraph.springernature.com/ontologies/product-market-codes/I21000 606 $aInformation Storage and Retrieval$3https://scigraph.springernature.com/ontologies/product-market-codes/I18032 606 $aSpecial Purpose and Application-Based Systems$3https://scigraph.springernature.com/ontologies/product-market-codes/I13030 606 $aInformation Systems Applications (incl. Internet)$3https://scigraph.springernature.com/ontologies/product-market-codes/I18040 606 $aUser Interfaces and Human Computer Interaction$3https://scigraph.springernature.com/ontologies/product-market-codes/I18067 608 $aKongress.$2swd 608 $aNewport Beach (Calif., 2009)$2swd 615 0$aComputer communication systems. 615 0$aArtificial intelligence. 615 0$aInformation storage and retrieval. 615 0$aSpecial purpose computers. 615 0$aApplication software. 615 0$aUser interfaces (Computer systems). 615 14$aComputer Communication Networks. 615 24$aArtificial Intelligence. 615 24$aInformation Storage and Retrieval. 615 24$aSpecial Purpose and Application-Based Systems. 615 24$aInformation Systems Applications (incl. Internet). 615 24$aUser Interfaces and Human Computer Interaction. 676 $a621.3819 686 $aDAT 260f$2stub 686 $aSS 4800$2rvk 702 $aLee$b Sunggu$4edt$4http://id.loc.gov/vocabulary/relators/edt 702 $aNarasimhan$b Priya$4edt$4http://id.loc.gov/vocabulary/relators/edt 712 02$aIFIP WG 10.2. 712 02$aInternational Federation for Information Processing. 712 12$aSEUS 2009 906 $aBOOK 912 $a996466278703316 996 $aSoftware Technologies for Embedded and Ubiquitous Systems$9771986 997 $aUNISA LEADER 01097nam a22003011i 4500 001 991000276049707536 005 20250430123229.0 008 020927s1990 it er 001|0dita d 020 $a8804336064 035 $ab1198305x-39ule_inst 035 $aARCHE-007285$9ExL 040 $aDip.to Filologia Ling. e Lett.$bita$cA.t.i. Arché s.c.r.l. Pandora Sicilia s.r.l.$dSocioculturale Scs 041 0 $aita 082 04$a858.91203$223. 100 1 $aD'Annunzio, Gabriele$03236 245 10$aDi me a me stesso /$cGabriele d'Annunzio ; a cura di Annamaria Andreoli 260 $aMilano :$bA. Mondadori,$c1990 300 $aLIX, 282 p. ;$c22 cm 490 1 $aSaggi di letteratura 600 14$aD'Annunzio, Gabriele$vDiari 700 1 $aAndreoli, Annamaria 830 0$aSaggi di letteratura 907 $a.b1198305x$b28-04-17$c01-04-03 912 $a991000276049707536 945 $aLE008 TS L IX 164$g1$i2008000399467$lle008$o-$pE0.00$q-$rl$s-$t0$u1$v3$w1$x0$y.i12264908$z01-04-03 996 $aDi me a me stesso$9132278 997 $aUNISALENTO 998 $ale008$b01-04-03$cm$da$e-$fita$git$h0$i1 LEADER 05796nam 22007574a 450 001 9911006519503321 005 20250226124104.0 010 $a9786612769597 010 $a9786612013782 010 $a9780080947105 010 $a0080947107 010 $a9781282769595 010 $a1282769596 010 $a9781282013780 010 $a1282013785 010 $a9780815516828 010 $a0815516827 035 $a(CKB)1000000000220555 035 $a(EBL)428684 035 $a(OCoLC)437112479 035 $a(SSID)ssj0000071705 035 $a(PQKBManifestationID)11123271 035 $a(PQKBTitleCode)TC0000071705 035 $a(PQKBWorkID)10091164 035 $a(PQKB)10126919 035 $a(MiAaPQ)EBC428684 035 $a(EXLCZ)991000000000220555 100 $a20050808d2005 uy 0 101 0 $aeng 135 $aur|n|---||||| 181 $ctxt 182 $cc 183 $acr 200 00$aDelivery system handbook for personal care and cosmetic products $etechnology, applications, and formulations /$fedited by Meyer R. Rosen 210 $aNorwich, NY $cWilliam Andrew Pub.$dc2005 215 $a1 online resource (1097 p.) 225 1 $aBreakthroughs in personal care and cosmetic technology 300 $aDescription based upon print version of record. 311 08$a9780815515043 311 08$a0815515049 320 $aIncludes bibliographical references and index. 327 $aFront Cover; Delivery System Handbook for Personal Care and Cosmetic Products: Technologh, Applications, and Formulation; Copyright Page; Contents; Contributing Authors; Contributing Companies and Universities; Series Editor's Preface; Preface; Part I: lntroduction; Chapter 1. The Delivery System Movement; 1.1 Introduction; 1.2 The ""Eureka!"" Moment; 1.3 The Birth of Ideas; 1.4 What is a Delivery System?; 1.5 The Philosophy Behind This Book; 1.6 Using the ""Maps""; Chapter 2. Executive Summary: Book-at-a-Glance; Part II: Skin Fundamentals; Chapter 3. Skin: Physiology and Penetration Pathways 327 $a3.1 Biology of the Skin3.2 Stratum Corneum; 3.3 Penetration Pathways into the Skin; 3.4 Delivery System Factors; 3.5 Conclusions; References; Chapter 4. Delivery System Design in Topically Applied Formulations: An Overview; 4.1 Introduction; 4.2 Routes for Skin Penetration; 4.3 Improvement of the Therapeutic Index; 4.4 Design of Delivery Systems; 4.5 Examples of Delivery Systems; 4.6 Determination of the Site of Action; 4.7 Topical Applications: Examples; 4.8 Summary and Future Challenges; References 327 $aChapter 5. From Ancient Potions to Modern Lotions: A Technology Overview and Introduction to Topical Delivery Systems5.1 Introduction; 5.2 Origins of Delivery Systems; 5.3 Origins of Personal Care: When Medicine and Cosmetics Were One; 5.4 Foundations of Personal Care Technology; 5.5 New Technology for Personal Care: An lntroduction to Delivery Vehicles; 5.6 Conclusions; 5.7 Formulations; References; Part Ill: Crossing the Barrier; Chapter 6. Crossing the Lipid Barrier with the Echo-DermTM Delivery System (A Skin-Mimicking, Lamellar Matrix System); 6.1 What is a Delivery System? 327 $a6.2 Anatomy of a ""Perfect Product""6.3 Skin's Functions; 6.4 Why Worry About Delivery; 6.5 Delivery Options; 6.6 Formulating Guidelines; 6.7 Sample Formulations; References; Chapter 7. Tetrahydropiperine A Natural Topical Permeation Enhancer; 7.1 Introduction; 7.2 Historical Perspective; 7.3 Concept Development; 7.4 Scientific Basis for Efficacy; 7.5 Safety Profile; 7.6 Enhancing Topical Delivery of Bioactives with THP; 7.7 Formulation Strategies; 7.8 Summary; 7.9 Formulations; References; Part IV: Encapsulation; Chapter 8. Microencapsulation: An Overview of the Technology Landscape 327 $a8.1 Background8.2 Microencapsulation Technology Vectors; 8.3 Bringing It All Together:The Encapsulation Technology Landscape; 8.4 Microencapsulation Technology Challenges and Market Trends; 8.5 Conclusions; References; Chapter 9. Microcapsules as a Delivery System; 9.1 Introduction; 9.2 Microcapsules; 9.3 Microcapsule Release Mechanisms; 9.4 Encapsulation by In Situ Polymerization; 9.5 Formulations: Features and Benefits; 9.6 Conclusions; 9.7 Formulations; References; Chapter 10. Tagravit TM Microcapsules as Controlled Drug Delivery Devices and Their Formulations 327 $a10.1 Microencapsulation: A Delivery Method for Unstable Actives 330 $aNovel delivery systems designed to facilitate the use of o?fountain of youtho? and other functional actives is an idea whose time has come. In a rapidly growing global market eager for products that really work, accelerating market pull forces and technology push have set the stage for this foundation text. This o?must haveo? book has been carefully designed for training, development and synergistic technology transfer across the personal care, cosmetic and pharmaceutical industries. It is not only intended for scientists and technologists but will also be of high interest to market development an 410 0$aBreakthroughs in personal care and cosmetic technology. 606 $aCosmetic delivery systems$vHandbooks, manuals, etc 606 $aAdvertising$xCosmetics$vHandbooks, manuals, etc 606 $aCosmetics$vHandbooks, manuals, etc 606 $aHygiene products$vHandbooks, manuals, etc 615 0$aCosmetic delivery systems 615 0$aAdvertising$xCosmetics 615 0$aCosmetics 615 0$aHygiene products 676 $a668/.55 701 $aRosen$b Meyer R$043981 801 0$bMiAaPQ 801 1$bMiAaPQ 801 2$bMiAaPQ 906 $aBOOK 912 $a9911006519503321 996 $aDelivery system handbook for personal care and cosmetic products$94388357 997 $aUNINA